Énantiosémie #1 - Statistiques

Statistiques générales
  • Ce quiz a été pris 39 fois
  • Le résultat moyen est 4 sur 15
Statistiques - réponses
Définition 1 Mot Définition 2 % Correct
Acquérir des connaissances. Apprendre Transmettre des connaissances, enseigner à quelqu’un.
83%
Combler de prévenances, de cadeaux, de gentillesses. Gâter Détériorer, altérer, faire du tort.
39%
Qui aime quelque chose, qui est compétent en la matière. Amateur Peu ou pas qualifié, qui fait quelque chose de manière non professionnelle, souvent médiocre.
36%
Autrefois, lueur qui précède le lever du soleil. Crépuscule Aujourd’hui, lueur qui suit le coucher du soleil.
33%
Protéger, prendre la défense de quelque chose. Défendre Interdire de faire quelque chose.
33%
Légèrement froid (air). Frais (Un exemple, mais je n’arrivais pas à mettre des mots sur la définition 😅) Encore chaud (pain).
33%
Amusant, plaisant. Drôle Anormal, bizarre, inquiétant.
31%
Attraper, chercher à attraper. Chasser Faire partir.
28%
Recevoir quelqu’un pour l’examiner. Consulter Rendre visite à quelqu’un pour se faire examiner.
22%
Sur quelque chose ou quelqu’un. Contre Opposé à quelques chose ou quelqu’un.
22%
Matières en train de brûler. Feu Se dit de quelqu’un qui s’est éteint (mort).
22%
Objet qui permet de faire apparaître quelque chose (une image). Écran Objet permettant de cacher quelque chose.
19%
Maladie infectieuse et contagieuse que l’on redoute d’attraper. Coqueluche Personne qui est aimée et admirée.
14%
Personne récepteur d’une énonciation. Allocuteur Personne qui émet une énonciation.
8%
Distribuer, accorder. Dispenser Exempter, exonérer.
8%
Aucun quiz correspondant
Distribution des résultats
% des personnes avec chaque résultat
Percentile par nombre de réponses
Votre historique - résultats
Vous n’avez pas pris ce quiz